Tabla de contenidos: volumen 15, número 1, 1989
Guardado en:
| Formato: | Libro |
|---|---|
| Lenguaje: | Spanish |
| Materias: | |
| Etiquetas: |
Agregar Etiqueta
Sin Etiquetas, Sea el primero en etiquetar este registro!
|
MARC
| LEADER | 00000nam a22000007a 4500 | ||
|---|---|---|---|
| 003 | cru CRAI/IIS | ||
| 005 | 20210617112327.0 | ||
| 007 | ta | ||
| 008 | 201016s1989 cr |||p|r|||||| ||spa|d | ||
| 040 | |c CRAI/IIS | ||
| 245 | |a Tabla de contenidos: |b volumen 15, número 1, 1989 | ||
| 505 | |a Contenido: 1.Supervivientes de la conquista. Los mayas de Guatemala en perspectiva histórica /W. George Lovell. -- 2.Una re-interpretación del origen de la dominación colonial española en Costa Rica: 1510-1569 / Claudia Quirós Vargas, Margarita Bolaños Arquín. -- 3.El primer Partido Comunista de Guatemala (1922-1923). Diez años de una historia olvidada / Arturo Taracena Arriola. -- 4.Política exterior y procesos de decisión en Centroamérica: elementos para una aproximación a los procesos de negociación regional / Cristina Eguizábal, Francisco Rojas Aravena. -- 5.Terrorismo de estado, seguridad nacional y democratización en Centroamérica. Algunas reflexiones conceptuales / Jorge Cáceres Prendes. -- 6.Statistics for an understanding of foreign intrusions into Central America from the 1820’s to 1930 / Thomas Schoonover, Ebba Schoonover | ||
| 650 | 0 | |9 370 |a POLITICA EXTERIOR | |
| 650 | 0 | |9 4401 |a CRISIS ESTRUCTURAL | |
| 650 | 4 | |9 2649 |a ESTRATEGIA DEL DESARROLLO | |
| 650 | 0 | |9 370 |a POLITICA EXTERIOR | |
| 650 | 0 | |9 2839 |a REGIONALIZACIÓN | |
| 650 | 0 | |9 2520 |a CRISIS | |
| 650 | 0 | |9 70 |a FUERZAS ARMADAS | |
| 650 | 0 | |9 1857 |a PUBLICACIONES INSTITUTO DE INVESTIGACIONES SOCIALES-UCR | |
| 651 | 0 | |9 32 |a COSTA RICA | |
| 651 | 0 | |9 308 |a CENTROAMERICA | |
| 773 | 0 | |0 18765 |9 4971 |a Universidad de Costa Rica. |d San José, Costa Rica: Editorial Universidad de Costa Rica, 1974- |o MFN: 1365 |t Anuario de Estudios Centroamericanos / |x 03777316 | |
| 942 | |2 ddc |c PP | ||
| 999 | |c 43715 |d 43715 | ||
